| 000 | 00339nam a22001337a 4500 | ||
|---|---|---|---|
| 008 | 260212b ||||| |||| 00| 0 eng d | ||
| 020 | _a9788858341223 | ||
| 041 | _aital | ||
| 080 | _a0.2 | ||
| 100 | _a20 | ||
| 101 | _aital | ||
| 245 |
_ail Celi 4 Dell univcersita per stranieri di Perugia _cDanilo Rini - Fabio Zanda |
||
| 942 |
_2lcc _cBK |
||
| 999 |
_c60790 _d60790 |
||